Normal view MARC view

Entry Personal Name

Number of records used in: 1

001 - CONTROL NUMBER

  • control field: 10001

003 - CONTROL NUMBER IDENTIFIER

  • control field: DLC

005 - DATE AND TIME OF LATEST TRANSACTION

  • control field: 20231204141259.0

008 - FIXED-LENGTH DATA ELEMENTS

  • fixed length control field: 860106n| azannaab |a aaa

010 ## - LIBRARY OF CONGRESS CONTROL NUMBER

  • LC control number: n 84206439

040 ## - CATALOGING SOURCE

  • Original cataloging agency: DLC
  • Language of cataloging: eng
  • Description conventions: rda
  • Transcribing agency: DLC
  • Modifying agency: DLC
  • Modifying agency: DLC

046 ## - SPECIAL CODED DATES

  • Birth date: 1936
  • Source of date scheme: edtf

100 1# - HEADING--PERSONAL NAME

  • Personal name: Chaube, Shibani Kinkar,
  • Dates associated with a name: 1936-

370 ## - ASSOCIATED PLACE

  • Other associated place: Delhi (India)
  • Other associated place: Darjeeling (India)
  • Source of term: naf

372 ## - FIELD OF ACTIVITY

  • Field of activity: Political science
  • Source of term: lcsh

373 ## - ASSOCIATED GROUP

  • Associated group: University of Delhi
  • Source of term: naf

373 ## - ASSOCIATED GROUP

  • Associated group: India. Parliament. Lok Sabha
  • Source of term: naf

373 ## - ASSOCIATED GROUP

  • Associated group: Centre for Himalayan Studies (Darjeeling, India)

374 ## - OCCUPATION

  • Occupation: Political science teachers
  • Occupation: Political scientists
  • Source of term: naf

375 ## - GENDER

  • Gender: male

377 ## - ASSOCIATED LANGUAGE

  • Language code: eng

400 1# - SEE FROM TRACING--PERSONAL NAME

  • Personal name: Chaube, S. K.
  • Fuller form of name: (Shibani Kinkar),
  • Dates associated with a name: 1936-

400 0# - SEE FROM TRACING--PERSONAL NAME

  • Personal name: Shibani Kinkar Chaube,
  • Dates associated with a name: 1936-

400 1# - SEE FROM TRACING--PERSONAL NAME

  • Control subfield: nna
  • Personal name: Chaube, Shibanikinkar,
  • Dates associated with a name: 1936-

400 0# - SEE FROM TRACING--PERSONAL NAME

  • Personal name: Shibanikinkar Chaube,
  • Dates associated with a name: 1936-

400 1# - SEE FROM TRACING--PERSONAL NAME

  • Personal name: Chaube, Shaibani Kinkar,
  • Dates associated with a name: 1936-

670 ## - SOURCE DATA FOUND

  • Source citation: His The Himalayas, 1985:
  • Information found: t.p. (S.K. Chaube) jkt (Dr. S.K. Chaube, pol. scientist; dir., Centre for Himalayan Studies, Rajarammohunpur, Darjeeling)

670 ## - SOURCE DATA FOUND

  • Source citation: New Delhi MARC file, 7/31/85
  • Information found: (hdg.: Chaube, Shibanikinkar, 1936- ; usage: Shibani Kinkar Chaube)

670 ## - SOURCE DATA FOUND

  • Source citation: The making and working of the Indian constitution, 2009:
  • Information found: t.p. (Shaibani Kinkar Chaube)

670 ## - SOURCE DATA FOUND

  • Source citation: The idea of nation and its future in India, 2017:
  • Information found: title page (Shibani Kinkar Chaube) page 4 of cover (former professor of Indian politics at University of Delhi, and former fellow in Parliamentary studies, Lok Sabha, Parliament of India)

Powered by Koha